| 000 | 00671nam a2200205 i 4500 | ||
|---|---|---|---|
| 001 | 103042 | ||
| 003 | ES-MaACL | ||
| 005 | 20250806084017.0 | ||
| 007 | t| | ||
| 008 | 060104s1790 sp ||||1| spa d | ||
| 080 | _a37(467.51 M.)"17":617 | ||
| 080 | _a617:37(467.51 M.)"17" | ||
| 100 | 1 |
_aPuig, Francisco. _994226 |
|
| 245 | 1 | 0 |
_aPlan para perficionar los estudios de cirugía / _cque da a luz Don Francisco Puig... |
| 260 |
_aMallorca : _ben la Imprenta de Thomas Amorós, _c1790. |
||
| 300 |
_a53 p. ; _c20 cm. |
||
| 650 | 1 | 4 |
_aCirugía- _xEnseñanza- _zMallorca _911052 |
| 852 |
_aES-MaACL _jR-3430(2) |
||
| 999 |
_c103042 _d103042 |
||